<?xml version="1.0" encoding="UTF-8"?>
<record
    xmlns:xsi="http://www.w3.org/2001/XMLSchema-instance"
    xsi:schemaLocation="http://www.loc.gov/MARC21/slim http://www.loc.gov/standards/marcxml/schema/MARC21slim.xsd"
    xmlns="http://www.loc.gov/MARC21/slim">

  <leader>01408nam a22002897a 4500</leader>
  <controlfield tag="003">NALT</controlfield>
  <controlfield tag="005">20251125233135.0</controlfield>
  <controlfield tag="008">      s2550    th                  tha d</controlfield>
  <datafield tag="020" ind1=" " ind2=" ">
    <subfield code="a">9789747236798</subfield>
  </datafield>
  <datafield tag="040" ind1=" " ind2=" ">
    <subfield code="a">NALT</subfield>
  </datafield>
  <datafield tag="041" ind1=" " ind2=" ">
    <subfield code="a">tha</subfield>
  </datafield>
  <datafield tag="050" ind1=" " ind2=" ">
    <subfield code="a">DS 568 </subfield>
    <subfield code="b">&#xE1A;784&#xE04; 2550</subfield>
  </datafield>
  <datafield tag="100" ind1="0" ind2=" ">
    <subfield code="a">&#xE40;&#xE1A;&#xE0D;&#xE08;&#xE21;&#xE32;&#xE2A; &#xE41;&#xE1E;&#xE17;&#xE2D;&#xE07;</subfield>
    <subfield code="9">46365</subfield>
  </datafield>
  <datafield tag="245" ind1="1" ind2="0">
    <subfield code="a">&#xE04;&#xE27;&#xE32;&#xE21;&#xE23;&#xE39;&#xE49;&#xE40;&#xE23;&#xE37;&#xE48;&#xE2D;&#xE07; &#xE1E;&#xE23;&#xE30;&#xE23;&#xE32;&#xE0A;&#xE1E;&#xE34;&#xE18;&#xE35;&#xE1B;&#xE23;&#xE30;&#xE40;&#xE1E;&#xE13;&#xE35;&#xE41;&#xE25;&#xE30;&#xE1E;&#xE34;&#xE18;&#xE35;&#xE01;&#xE23;&#xE23;&#xE21; /</subfield>
    <subfield code="c">&#xE40;&#xE1A;&#xE0D;&#xE08;&#xE21;&#xE32;&#xE2A; &#xE41;&#xE1E;&#xE17;&#xE2D;&#xE07;.</subfield>
  </datafield>
  <datafield tag="260" ind1=" " ind2=" ">
    <subfield code="a">&#xE01;&#xE23;&#xE38;&#xE07;&#xE40;&#xE17;&#xE1E;&#xE2F; : </subfield>
    <subfield code="b">&#xE28;&#xE22;&#xE32;&#xE21;, </subfield>
    <subfield code="c">2550.</subfield>
  </datafield>
  <datafield tag="300" ind1=" " ind2=" ">
    <subfield code="a">296 &#xE2B;&#xE19;&#xE49;&#xE32; :</subfield>
    <subfield code="b">&#xE20;&#xE32;&#xE1E;&#xE1B;&#xE23;&#xE30;&#xE01;&#xE2D;&#xE1A; ;</subfield>
    <subfield code="c">21 &#xE0B;&#xE21;.</subfield>
  </datafield>
  <datafield tag="650" ind1=" " ind2="4">
    <subfield code="a">&#xE1E;&#xE34;&#xE18;&#xE35;&#xE17;&#xE32;&#xE07;&#xE28;&#xE32;&#xE2A;&#xE19;&#xE32;&#xE41;&#xE25;&#xE30;&#xE1E;&#xE34;&#xE18;&#xE35;&#xE01;&#xE23;&#xE23;&#xE21;</subfield>
    <subfield code="9">14455</subfield>
  </datafield>
  <datafield tag="650" ind1=" " ind2="4">
    <subfield code="a">&#xE01;&#xE29;&#xE31;&#xE15;&#xE23;&#xE34;&#xE22;&#xE4C;&#xE41;&#xE25;&#xE30;&#xE1C;&#xE39;&#xE49;&#xE04;&#xE23;&#xE2D;&#xE07;&#xE19;&#xE04;&#xE23; </subfield>
    <subfield code="9">30080</subfield>
    <subfield code="x">&#xE1E;&#xE34;&#xE18;&#xE35;&#xE01;&#xE23;&#xE23;&#xE21; </subfield>
    <subfield code="z">&#xE44;&#xE17;&#xE22;</subfield>
  </datafield>
  <datafield tag="650" ind1=" " ind2="4">
    <subfield code="a">&#xE27;&#xE31;&#xE19;&#xE21;&#xE32;&#xE06;&#xE1A;&#xE39;&#xE0A;&#xE32;</subfield>
    <subfield code="9">58008</subfield>
  </datafield>
  <datafield tag="650" ind1=" " ind2="4">
    <subfield code="a">&#xE27;&#xE31;&#xE19;&#xE27;&#xE34;&#xE2A;&#xE32;&#xE02;&#xE1A;&#xE39;&#xE0A;&#xE32;</subfield>
    <subfield code="9">20491</subfield>
  </datafield>
  <datafield tag="650" ind1=" " ind2="4">
    <subfield code="a">&#xE27;&#xE31;&#xE19;&#xE2A;&#xE33;&#xE04;&#xE31;&#xE0D;&#xE17;&#xE32;&#xE07;&#xE28;&#xE32;&#xE2A;&#xE19;&#xE32; </subfield>
    <subfield code="9">19269</subfield>
  </datafield>
  <datafield tag="651" ind1=" " ind2="4">
    <subfield code="9">7234</subfield>
    <subfield code="a">&#xE44;&#xE17;&#xE22; </subfield>
    <subfield code="x">&#xE04;&#xE27;&#xE32;&#xE21;&#xE40;&#xE1B;&#xE47;&#xE19;&#xE2D;&#xE22;&#xE39;&#xE48;&#xE41;&#xE25;&#xE30;&#xE1B;&#xE23;&#xE30;&#xE40;&#xE1E;&#xE13;&#xE35;</subfield>
  </datafield>
  <datafield tag="850" ind1=" " ind2=" ">
    <subfield code="a">NALT</subfield>
  </datafield>
  <datafield tag="856" ind1="4" ind2="0">
    <subfield code="u">https://hdl.handle.net/20.500.14156/521802</subfield>
  </datafield>
  <datafield tag="942" ind1=" " ind2=" ">
    <subfield code="c">GB</subfield>
    <subfield code="2">lcc</subfield>
  </datafield>
  <datafield tag="998" ind1=" " ind2=" ">
    <subfield code="b">&#xE1B;&#xE23;&#xE35;&#xE22;&#xE32;&#xE19;&#xE38;&#xE0A;  &#xE04;&#xE25;&#xE2D;&#xE27;&#xE38;&#xE12;&#xE34;&#xE27;&#xE31;&#xE12;&#xE19;&#xE4C;</subfield>
    <subfield code="a">phon</subfield>
    <subfield code="c">phon</subfield>
    <subfield code="j">8</subfield>
    <subfield code="k"> &#xE1A;&#xE31;&#xE13;&#xE11;&#xE34;&#xE15; &#xE2D;&#xE38;&#xE17;&#xE32;&#xE27;&#xE07;&#xE04;&#xE4C;</subfield>
  </datafield>
  <datafield tag="999" ind1=" " ind2=" ">
    <subfield code="c">77547</subfield>
    <subfield code="d">77547</subfield>
  </datafield>
  <datafield tag="952" ind1=" " ind2=" ">
    <subfield code="0">0</subfield>
    <subfield code="1">0</subfield>
    <subfield code="2">lcc</subfield>
    <subfield code="4">0</subfield>
    <subfield code="7">0</subfield>
    <subfield code="8">CGBL</subfield>
    <subfield code="a">NALT</subfield>
    <subfield code="b">NALT</subfield>
    <subfield code="d">2021-05-24</subfield>
    <subfield code="e">&#xE08;&#xE31;&#xE14;&#xE0B;&#xE37;&#xE49;&#xE2D;&#xE17;&#xE23;&#xE31;&#xE1E;&#xE22;&#xE32;&#xE01;&#xE23;</subfield>
    <subfield code="l">2</subfield>
    <subfield code="o">DS 568 &#xE1A;784&#xE04; 2550</subfield>
    <subfield code="p">3961204760</subfield>
    <subfield code="r">2022-07-07 00:00:00</subfield>
    <subfield code="s">2022-07-07</subfield>
    <subfield code="w">2017-06-09</subfield>
    <subfield code="y">GB</subfield>
  </datafield>
  <datafield tag="952" ind1=" " ind2=" ">
    <subfield code="0">0</subfield>
    <subfield code="1">0</subfield>
    <subfield code="2">lcc</subfield>
    <subfield code="4">0</subfield>
    <subfield code="7">0</subfield>
    <subfield code="8">CSEN</subfield>
    <subfield code="a">NALT</subfield>
    <subfield code="b">NALT</subfield>
    <subfield code="c">GEN</subfield>
    <subfield code="d">2022-01-26</subfield>
    <subfield code="o">DS 568 &#xE1A;784&#xE04; 2550</subfield>
    <subfield code="p">0100003280001</subfield>
    <subfield code="r">2022-07-11 00:00:00</subfield>
    <subfield code="w">2022-01-26</subfield>
    <subfield code="y">GB</subfield>
  </datafield>
</record>
